000 01298cam a22003857a 4500
003 CHAP
005 20220329133034.0
008 971013s1988 r 00010 d
010 _a1498
011 _a2470
035 _a1664
040 _cCHAP
082 _a636.0896968
_bD7
100 0 0 _aDrummod, Roger O.
_934268
245 0 _aControl of arthropod pest of livestock
_b: a review of technology
260 _aBoca Raton, Fla. :
_bCRC,
_c1988
300 _a245 p
590 _aBATCH-UPD
_b10
_c20130109
_lUCH01
_h2340
590 _aBATCH-UPD
_b10
_c20130110
_lUCH01
_h0201
590 _aBATCH-UPD
_b10
_c20130110
_lUCH01
_h1227
590 _aBATCH-UPD
_b10
_c20130409
_lUCH01
_h1909
590 _aBATCH-UPD
_b10
_c20130410
_lUCH01
_h0759
590 _aBATCH-UPD
_b10
_c20130914
_lUCH01
_h0340
590 _aCONVERSION
_b10
_c20130109
_lUCH01
_h1302
650 1 4 _aAnimales domésticos
_xPlagas.
_95912
650 1 4 _aControl biológico de insectos.
_927582
650 1 4 _aEntomología económica.
_937145
650 1 4 _aGanado
_xParásitos.
_944939
650 1 4 _aParasitología veterinaria.
_985475
700 0 _aGeorge, John E.
_947676
700 0 _aKunz, Sidney E.
_964098
901 _aBK
942 _cLIBRO
949 _a636.0896968 D7
_bBC
_cLIBRO
_d33724000265682
_eLIBRO
_gI.153080
_h79032
_i1664
_si
_t622.05
999 _c1498
_d1498